00501nam a2200133 a 4500008004100000050001500041100002500056245002700081250001200108350000900120995009000129999001700219952013100236120416s9999 xx |||||||||||||| || u aTD 645 Whi aWhite, James Bernard10aWastewater engineering a2nd ed. a0.00 D0.00FCBU-MAIN LIBRARY (Kitwe)H1I0.00UDAMAGEDZMain Library Open Access Collection c61445d61445 00102lcc4070a001b001cMain Library Open Access Collectiond2022-11-30l0oTD 645 Whip015694r2022-11-30w2022-11-30y002